[Event "CHI-ch Schools"]
[Site "Arica"]
[Date "2015.08.28"]
[Round "5.6"]
[White "Cid Munoz, Benjamin"]
[Black "Huanca Mollinedo, Rodrigo Alejandro"]
[Result "1-0"]
[WhiteElo "1675"]
[BlackElo "1382"]
[PlyCount "41"]
[EventDate "2015.08.25"]
[EventType "swiss"]
[EventRounds "7"]
[EventCountry "CHI"]
[SourceTitle "EXT 2024"]
[Source "ChessBase"]
[SourceDate "2023.10.10"]
[SourceVersion "1"]
[SourceVersionDate "2023.10.10"]
[SourceQuality "1"]

1. d4 Nf6 2. Bg5 d6 3. Bxf6 exf6 4. e3 g6 5. Bd3 Bg7 6. Nc3 0-0 7. Qf3 Nc6 8. a3 Re8 9. Nge2 Bd7 10. 0-0-0 f5 11. Rd2 Kh8 12. Qg3 a6 13. f4 Rc8 14. Bc4 Kg8 15. h4 h5 16. Qxg6 Qf6 17. Qxh5 b5 18. Ba2 b4 19. Nd5 Qd8 20. Nxb4 Nxb4 21. Qxf7+ 1-0

[Event "CHI-ch Schools"]
[Site "Arica"]
[Date "2015.08.26"]
[Round "3.4"]
[White "Cid Munoz, Benjamin"]
[Black "Donoso Diaz, Sebastian"]
[Result "0-1"]
[WhiteElo "1675"]
[BlackElo "2026"]
[PlyCount "94"]
[EventDate "2015.08.25"]
[EventType "swiss"]
[EventRounds "7"]
[EventCountry "CHI"]
[SourceTitle "EXT 2024"]
[Source "ChessBase"]
[SourceDate "2023.10.10"]
[SourceVersion "1"]
[SourceVersionDate "2023.10.10"]
[SourceQuality "1"]

1. d4 d5 2. e3 c5 3. c3 e6 4. Bd3 Nc6 5. f4 Nf6 6. Nd2 Qc7 7. g3 b6 8. Ngf3 Bb7 9. Ne5 h5 10. 0-0 Bd6 11. Qf3 0-0-0 12. Bb5 Rdg8 13. h4 Nd8 14. Bd3 Bxe5 15. fxe5 Ng4 16. Qf4 f5 17. exf6 gxf6 18. Qxc7+ Kxc7 19. Rf3 e5 20. e4 cxd4 21. c4 dxe4 22. Bxe4 Bxe4 23. Nxe4 Rg6 24. Bd2 Kd7 25. Raf1 Ke6 26. Kg2 Nb7 27. b4 Nd6 28. Nxd6 Kxd6 29. Re1 Rc8 30. c5+ bxc5 31. bxc5+ Kd5 32. Bb4 Ne3+ 33. Kh3 Nc2 34. Rb1 Rb8 35. a3 a5 36. Rf5 axb4 37. axb4 Rxb4 38. Rg1 Ne3 39. Rxh5 Kxc5 40. Rh8 d3 41. Rc8+ Kd4 42. Rd8+ Nd5 43. Rd1 e4 44. Ra1 Rb5 45. Ra4+ Ke3 46. Re8 Rb4 47. Ra5 Rd4 0-1